[Event "HUN-chT2 Barcza 1516"]
[Site "Hungary"]
[Date "2016.04.17"]
[Round "11.6"]
[White "Lovas, Peter"]
[Black "Molnar, Milan"]
[Result "0-1"]
[WhiteElo "1834"]
[BlackElo "1857"]
[PlyCount "115"]
[EventDate "2015.09.13"]
[EventType "team-tourn"]
[EventRounds "11"]
[EventCountry "HUN"]
[SourceTitle "EXT 2017"]
[Source "ChessBase"]
[SourceDate "2016.10.25"]
[SourceVersion "1"]
[SourceVersionDate "2016.10.25"]
[SourceQuality "1"]
[WhiteTeam "Nadudvar"]
[BlackTeam "Kazincbarcika"]
[WhiteTeamCountry "HUN"]
[BlackTeamCountry "HUN"]

1. e4 e5 2. Nf3 Nc6 3. d4 exd4 4. Bc4 h6 5. Nxd4 Nxd4 6. Qxd4 d6 7. 0-0 Qf6 8. Be3 Be7 9. Nc3 c6 10. f4 Qxd4 11. Bxd4 Rh7 12. e5 d5 13. Bd3 g6 14. f5 gxf5 15. Bxf5 Bxf5 16. Rxf5 b6 17. Raf1 Rd8 18. Ne2 c5 19. Bc3 Bg5 20. e6 fxe6 21. Rf8+ Kd7 22. Rxd8+ Bxd8 23. Be5 Ne7 24. Nf4 Nc6 25. Ng6 Be7 26. Bf4 Nd4 27. Rf2 Bd6 28. Be3 Nf5 29. Bd2 Rg7 30. Nf4 Bxf4 31. Bxf4 Rg4 32. h3 Rg6 33. g4 Nd6 34. Kh2 Rf6 35. Kg2 Ne4 36. Rf1 a5 37. h4 b5 38. Rf3 d4 39. Be5 Rg6 40. Kh3 Nd6 41. h5 Rg8 42. Rf6 Ne4 43. Rxh6 Nf2+ 44. Kg2 Nxg4 45. Rg6 Rxg6 46. hxg6 Ke7 47. Bh8 Ne3+ 48. Kf3 Nxc2 49. Ke4 Nb4 50. a3 Nc6 51. Kd3 e5 52. Ke4 Ke6 53. a4 bxa4 54. g7 Ne7 55. g8Q+ Nxg8 56. Bxe5 Nf6+ 57. Kf4 d3 58. Bc3 0-1

[Event "HUN-chT2 Barcza 1516"]
[Site "Hungary"]
[Date "2015.10.04"]
[Round "2.6"]
[White "Simon, Attila"]
[Black "Molnar, Milan"]
[Result "1-0"]
[WhiteElo "2011"]
[BlackElo "1871"]
[PlyCount "47"]
[EventDate "2015.09.13"]
[EventType "team-tourn"]
[EventRounds "11"]
[EventCountry "HUN"]
[SourceTitle "CBM 170 Extra"]
[Source "ChessBase"]
[SourceDate "2016.02.25"]
[SourceVersion "1"]
[SourceVersionDate "2016.02.25"]
[SourceQuality "1"]
[WhiteTeam "Mezokovesd"]
[BlackTeam "Kazincbarcika"]
[WhiteTeamCountry "HUN"]
[BlackTeamCountry "HUN"]

1. e4 e5 2. Nc3 Nf6 3. f4 d5 4. Nf3 d4 5. fxe5 dxc3 6. exf6 cxd2+ 7. Bxd2 Qxf6 8. Bb5+ Bd7 9. Bc3 Qb6 10. Bc4 Bb4 11. Qd2 Bxc3 12. Qxc3 0-0 13. 0-0-0 Be6 14. Kb1 Bxc4 15. Qxc4 Nc6 16. e5 Rad8 17. e6 Rxd1+ 18. Rxd1 Qe3 19. exf7+ Kh8 20. Re1 Qh6 21. Re8 Qd6 22. Qd3 Qc5 23. Qd5 Qb4 24. c3 1-0

[Event "HUN-chT2 Barcza 1516"]
[Site "Hungary"]
[Date "2015.09.13"]
[Round "1.5"]
[White "Vodila, Martin Botond"]
[Black "Molnar, Milan"]
[Result "1/2-1/2"]
[WhiteElo "1885"]
[BlackElo "1871"]
[PlyCount "91"]
[EventDate "2015.09.13"]
[EventType "team-tourn"]
[EventRounds "11"]
[EventCountry "HUN"]
[SourceTitle "CBM 170 Extra"]
[Source "ChessBase"]
[SourceDate "2016.02.25"]
[SourceVersion "1"]
[SourceVersionDate "2016.02.25"]
[SourceQuality "1"]
[WhiteTeam "Edeleny"]
[BlackTeam "Kazincbarcika"]
[WhiteTeamCountry "HUN"]
[BlackTeamCountry "HUN"]

1. e4 e5 2. Nc3 b6 3. Bc4 Nc6 4. d3 h6 5. Qh5 g6 6. Qf3 Qf6 7. Nd5 Qxf3 8. Nxf3 Bd6 9. Bd2 Bb7 10. Bc3 0-0-0 11. 0-0-0 Rh7 12. Rhe1 f6 13. Bb3 Nce7 14. d4 Nxd5 15. exd5 exd4 16. Bxd4 Rf7 17. c4 Ne7 18. Re2 g5 19. Bc3 Nf5 20. Bc2 Bf4+ 21. Kb1 Nh4 22. Nxh4 gxh4 23. g3 hxg3 24. hxg3 Be5 25. Bf5 Bxc3 26. bxc3 Ba6 27. Re4 Kb7 28. Rde1 c6 29. Kc2 Kc7 30. Rh1 Rh8 31. Rd4 cxd5 32. cxd5 d6 33. Re4 Bb7 34. c4 b5 35. Rhe1 bxc4 36. Re7+ Rxe7 37. Rxe7+ Kb6 38. Be6 a5 39. Kc3 Ba6 40. Rd7 Bb5 41. Rf7 h5 42. Rxf6 h4 43. gxh4 Rxh4 44. Rf8 Rh2 45. Rb8+ Kc5 46. Rc8+ 1/2-1/2

[Event "HUN-chT2 Maroczy 1112"]
[Site "Hungary"]
[Date "2012.03.25"]
[Round "8"]
[White "Barcsi, Judit"]
[Black "Molnar, Milan"]
[Result "1-0"]
[WhiteElo "2043"]
[BlackElo "1830"]
[PlyCount "45"]
[EventDate "2011.09.25"]
[EventType "team-tourn"]
[EventRounds "11"]
[EventCountry "HUN"]
[SourceTitle "EXT 2013"]
[Source "ChessBase"]
[SourceDate "2012.11.22"]
[SourceVersion "1"]
[SourceVersionDate "2012.11.22"]
[SourceQuality "1"]
[WhiteTeam "Maroczy"]
[BlackTeam "Miskolc EMSE"]
[WhiteTeamCountry "HUN"]
[BlackTeamCountry "HUN"]

1. e4 e5 2. Nf3 Nc6 3. d4 exd4 4. Bc4 h6 5. Nxd4 Nxd4 6. Qxd4 Qf6 7. e5 Qg6 8. Qf4 d6 9. 0-0 Qf5 10. Re1 d5 11. Bxd5 c6 12. e6 Ne7 13. exf7+ Kd8 14. Bb3 Bd7 15. Qd4 Kc8 16. Nc3 Qf6 17. Qc4 g5 18. Ne4 Qe5 19. Bd2 Rh7 20. Bc3 Qc7 21. Nf6 b5 22. Qe4 Bf5 23. Be6+ 1-0

[Event "HUN-chT2 Maroczy 1112"]
[Site "Hungary"]
[Date "2011.09.25"]
[Round "1"]
[White "Molnar, Milan"]
[Black "Biro, Istvan"]
[Result "1-0"]
[WhiteElo "1830"]
[BlackElo "1968"]
[PlyCount "101"]
[EventDate "2011.09.25"]
[EventType "team-tourn"]
[EventRounds "11"]
[EventCountry "HUN"]
[SourceTitle "EXT 2013"]
[Source "ChessBase"]
[SourceDate "2012.11.22"]
[SourceVersion "1"]
[SourceVersionDate "2012.11.22"]
[SourceQuality "1"]
[WhiteTeam "Miskolc EMSE"]
[BlackTeam "Oroshaza"]
[WhiteTeamCountry "HUN"]
[BlackTeamCountry "HUN"]

1. e4 c5 2. Nf3 d6 3. c3 Nf6 4. e5 dxe5 5. Nxe5 Nbd7 6. Bb5 e6 7. d4 a6 8. Bxd7+ Nxd7 9. Nxd7 Bxd7 10. Be3 Qb6 11. b3 Be7 12. 0-0 Rd8 13. Nd2 0-0 14. Nc4 Qc7 15. Re1 Bf6 16. Rc1 b5 17. Nd2 cxd4 18. Bxd4 e5 19. Be3 Be7 20. c4 Ba3 21. Rc3 Be6 22. Qh5 bxc4 23. Nxc4 Bb4 24. Bb6 Qc6 25. Bxd8 Bxc3 26. Rd1 Bxc4 27. bxc4 Qxc4 28. Be7 Re8 29. a3 Bd4 30. Qg5 Qe6 31. Bb4 f6 32. Qg3 Rc8 33. Qf3 Rc6 34. h3 g6 35. Kh2 Kg7 36. Qe2 Qf5 37. Rxd4 Rc2 38. Rd2 Rc7 39. Qxa6 Qf4+ 40. g3 Qf5 41. Qd6 Rf7 42. Qd3 Qe6 43. Qd5 Qf5 44. a4 h5 45. a5 h4 46. Qd3 Qe6 47. a6 e4 48. Qd6 hxg3+ 49. fxg3 Qb3 50. Qd4 Qa4 51. Bf8+ 1-0